[Event "Wroclaw Anderssen Memorial"]
[Site "Wroclaw"]
[Date "2021.07.31"]
[Round "5"]
[White "Dahche, Abdel Azziz"]
[Black "Kucypera, Malgorzata"]
[Result "0-1"]
[WhiteElo "1709"]
[BlackElo "2027"]
[PlyCount "64"]
[EventDate "2021.07.31"]
[EventType "swiss (rapid)"]
[EventRounds "9"]
[EventCountry "POL"]
[SourceTitle "CBM 203 Extra"]
[Source "ChessBase"]
[SourceDate "2021.09.30"]
[SourceVersion "1"]
[SourceVersionDate "2021.09.30"]
[SourceQuality "1"]

1. e4 c5 2. d4 cxd4 3. Nf3 Nc6 4. Bb5 Qa5+ 5. c3 Qxb5 6. cxd4 Nf6 7. Nc3 Qa5 8. d5 Nb4 9. a3 d6 10. Bd2 Nd3+ 11. Kf1 Qa6 12. Kg1 g6 13. Qb3 Qb6 14. Qxb6 axb6 15. Nb5 Rb8 16. Bc3 Bg7 17. e5 Nxd5 18. exd6 Nxc3 19. bxc3 exd6 20. Rd1 Nf4 21. Nxd6+ Kf8 22. Ng5 Be6 23. h4 h6 24. Nge4 Ne2+ 25. Kh2 Nxc3 26. Rc1 Nxe4 27. Nxe4 Be5+ 28. g3 Kg7 29. Rhe1 Bb2 30. Rc7 Bxa3 31. Nc3 Rhc8 32. Rxe6 Rxc7 0-1

[Event "Wroclaw Anderssen Memorial"]
[Site "Wroclaw"]
[Date "2021.07.31"]
[Round "9"]
[White "Kanicki, Krzysztof"]
[Black "Kucypera, Malgorzata"]
[Result "1-0"]
[WhiteElo "2139"]
[BlackElo "2027"]
[PlyCount "50"]
[EventDate "2021.07.31"]
[EventType "swiss (rapid)"]
[EventRounds "9"]
[EventCountry "POL"]
[SourceTitle "CBM 203 Extra"]
[Source "ChessBase"]
[SourceDate "2021.09.30"]
[SourceVersion "1"]
[SourceVersionDate "2021.09.30"]
[SourceQuality "1"]

1. e4 c5 2. Nf3 Nc6 3. Bb5 Nd4 4. Nxd4 cxd4 5. 0-0 e6 6. d3 Nf6 7. Nd2 a6 8. Ba4 b5 9. Bb3 Bb7 10. f4 Be7 11. Nf3 Qb6 12. Qe1 0-0 13. Kh1 Kh8 14. Bd2 a5 15. a3 a4 16. Ba2 Rac8 17. Rc1 Ne8 18. Ba5 Qa7 19. Bb4 d6 20. Qf2 Bf6 21. e5 Be7 22. Qxd4 Qa8 23. exd6 Bf6 24. Qf2 Rg8 25. d7 Rd8 1-0

[Event "Wroclaw Anderssen Memorial"]
[Site "Wroclaw"]
[Date "2021.07.31"]
[Round "4"]
[White "Kucypera, Malgorzata"]
[Black "Borkowski, Franciszek"]
[Result "0-1"]
[WhiteElo "2027"]
[BlackElo "2257"]
[PlyCount "112"]
[EventDate "2021.07.31"]
[EventType "swiss (rapid)"]
[EventRounds "9"]
[EventCountry "POL"]
[SourceTitle "CBM 203 Extra"]
[Source "ChessBase"]
[SourceDate "2021.09.30"]
[SourceVersion "1"]
[SourceVersionDate "2021.09.30"]
[SourceQuality "1"]

1. e4 c5 2. Nf3 Nc6 3. d4 cxd4 4. Nxd4 g6 5. c4 Bg7 6. Be3 Nf6 7. Nc3 Ng4 8. Qxg4 Nxd4 9. Qd1 Ne6 10. Be2 Qa5 11. Rc1 d6 12. 0-0 g5 13. Qc2 Nd4 14. Qd2 Nxe2+ 15. Qxe2 Be6 16. Nd5 h6 17. b4 Qd8 18. f4 f6 19. f5 Bf7 20. a4 b6 21. c5 Bxd5 22. exd5 dxc5 23. bxc5 0-0 24. Qc4 bxc5 25. Bxc5 Kh7 26. Qe4 Re8 27. Rfe1 Qd7 28. Rcd1 Bf8 29. Qe6 Qc7 30. Qf7+ Kh8 31. Bd4 Qd6 32. Bb2 Bg7 33. Rd3 Rad8 34. Ba3 Qb6+ 35. Kh1 Rf8 36. Qe6 Qxe6 37. Rxe6 Rfe8 38. h3 Bf8 39. a5 Kg7 40. a6 Kf7 41. Kg1 Rd7 42. Kf2 Red8 43. Rde3 Rxd5 44. Bxe7 Rxf5+ 45. Kg3 Re8 46. Bxf8 Rxe6 47. Rxe6 Kxe6 48. Bxh6 Ra5 49. Bf8 Rxa6 50. Kg4 Ra4+ 51. Kh5 Kf5 52. g4+ Ke6 53. Kg6 Rf4 54. Bc5 a5 55. Be3 Rf3 56. Bd4 a4 0-1

[Event "POL-chT 2nd League"]
[Site "Szklarska Poreba"]
[Date "2017.09.05"]
[Round "4.9"]
[White "Magnucka, Arleta"]
[Black "Kucypera, Malgorzata"]
[Result "0-1"]
[WhiteElo "1838"]
[BlackElo "2045"]
[PlyCount "66"]
[EventDate "2017.09.02"]
[EventType "team-swiss"]
[EventRounds "9"]
[EventCountry "POL"]
[SourceTitle "CBM 180 Extra"]
[Source "ChessBase"]
[SourceDate "2017.10.06"]
[SourceVersion "1"]
[SourceVersionDate "2017.10.06"]
[SourceQuality "1"]
[WhiteTeam "Steszew Lipno"]
[BlackTeam "Wroclaw Polonia"]
[WhiteTeamCountry "POL"]
[BlackTeamCountry "POL"]

1. e4 c5 2. Nf3 Nc6 3. d4 cxd4 4. Nxd4 Nf6 5. Nc3 d6 6. Bg5 Qb6 7. Nb3 e6 8. Bxf6 gxf6 9. Qd2 Bd7 10. a4 a6 11. Be2 Rg8 12. 0-0 0-0-0 13. a5 Qc7 14. Na4 d5 15. Nb6+ Kb8 16. Rfd1 Bd6 17. exd5 Bxh2+ 18. Kf1 exd5 19. Nxd5 Qe5 20. Qe3 Qf5 21. Bxa6 Qg4 22. Qf3 Qxf3 23. gxf3 bxa6 24. Nc5 Bh3+ 25. Ke2 Rge8+ 26. Ne3 Nd4+ 27. Kd2 Nb3+ 28. Ke2 Nxa1 29. Rxa1 Bd6 30. Nb3 Be6 31. Nd2 f5 32. Kf1 f4 33. Ng2 Bh3 0-1

[Event "POL-chT 2nd League"]
[Site "Szklarska Poreba"]
[Date "2017.09.04"]
[Round "3.9"]
[White "Kucypera, Malgorzata"]
[Black "Murawko, Katarzyna"]
[Result "1-0"]
[WhiteElo "2045"]
[BlackElo "1988"]
[PlyCount "67"]
[EventDate "2017.09.02"]
[EventType "team-swiss"]
[EventRounds "9"]
[EventCountry "POL"]
[SourceTitle "CBM 180 Extra"]
[Source "ChessBase"]
[SourceDate "2017.10.06"]
[SourceVersion "1"]
[SourceVersionDate "2017.10.06"]
[SourceQuality "1"]
[WhiteTeam "Wroclaw Polonia"]
[BlackTeam "Debica Gryf"]
[WhiteTeamCountry "POL"]
[BlackTeamCountry "POL"]

1. e4 c5 2. Nf3 d6 3. d4 cxd4 4. Nxd4 Nf6 5. Nc3 a6 6. Bc4 e6 7. Bb3 Be7 8. g4 h6 9. Be3 Nc6 10. Rg1 Qc7 11. h4 g6 12. g5 hxg5 13. hxg5 Nh5 14. Qd2 Bd7 15. 0-0-0 Na5 16. f4 b5 17. f5 Nc4 18. Qf2 Rc8 19. Rgf1 Rf8 20. f6 Bd8 21. Bxc4 bxc4 22. Nf3 Rb8 23. Qd2 d5 24. exd5 Qb7 25. b3 Ba5 26. Qd4 Ng3 27. Rfe1 Nf5 28. Qe5 Bc7 29. Qe4 cxb3 30. axb3 Nxe3 31. Rxe3 Qb4 32. dxe6 fxe6 33. Rxd7 Kxd7 34. Qxe6+ 1-0

[Event "Wroclaw Anderssen Memorial op 22nd"]
[Site "Wroclaw"]
[Date "2013.06.29"]
[Round "9"]
[White "Kumala, Aleksander"]
[Black "Kucypera, Malgorzata"]
[Result "1-0"]
[WhiteElo "1954"]
[BlackElo "2045"]
[PlyCount "61"]
[EventDate "2013.06.29"]
[EventType "swiss (rapid)"]
[EventRounds "9"]
[EventCountry "POL"]
[SourceTitle "CBM 155 Extra"]
[Source "ChessBase"]
[SourceDate "2013.08.26"]
[SourceVersion "1"]
[SourceVersionDate "2013.08.26"]
[SourceQuality "1"]

1. e4 c5 2. Nc3 Nc6 3. f4 g6 4. Nf3 Bg7 5. Bc4 e6 6. f5 Nge7 7. fxe6 dxe6 8. d3 0-0 9. 0-0 a6 10. a4 Qc7 11. Bg5 h6 12. Bh4 Na5 13. Ba2 Rb8 14. Qe1 b5 15. axb5 axb5 16. Bg3 e5 17. Nd5 Nxd5 18. Bxd5 Nc6 19. Qc3 Ne7 20. Bxe5 Bxe5 21. Qxe5 Qxe5 22. Nxe5 Nxd5 23. exd5 Rb7 24. Ra8 Kg7 25. d6 Bf5 26. Rxf8 Kxf8 27. g4 Be6 28. Nxg6+ Ke8 29. Ne5 Rb6 30. d7+ Ke7 31. Nxf7 1-0

[Event "Lazy op-A 6th"]
[Site "Lazy"]
[Date "2010.06.28"]
[Round "2"]
[White "Kucypera, Malgorzata"]
[Black "Andrzejewska, Anna"]
[Result "0-1"]
[WhiteElo "2068"]
[BlackElo "2006"]
[PlyCount "86"]
[EventDate "2010.06.27"]
[EventType "swiss"]
[EventRounds "9"]
[EventCountry "POL"]
[SourceTitle "CBM 137 Extra"]
[Source "ChessBase"]
[SourceDate "2010.09.01"]
[SourceVersion "1"]
[SourceVersionDate "2010.09.01"]
[SourceQuality "1"]

1. e4 e5 2. Nf3 Nc6 3. Bc4 Bc5 4. c3 Nf6 5. d3 d6 6. 0-0 h6 7. b4 Bb6 8. a4 a6 9. Be3 Bxe3 10. fxe3 Be6 11. Bxe6 fxe6 12. Qe1 0-0 13. Nbd2 Qe8 14. Qg3 Qh5 15. h3 Nd7 16. d4 exd4 17. exd4 e5 18. Rab1 Rae8 19. b5 axb5 20. axb5 Ne7 21. Qh2 Rf6 22. g4 Qf7 23. Kh1 Ng6 24. Qg3 Rf4 25. d5 Nc5 26. Rbe1 Rf8 27. g5 h5 28. Kh2 Ra8 29. Qg2 Ra2 30. Re2 Rc2 31. c4 Rc3 32. Kg1 Qf8 33. Ref2 Nd3 34. Re2 Rf7 35. Qg3 Rf4 36. Re3 h4 37. Qh2 b6 38. Nb1 Rc1 39. Rxc1 Rxf3 40. Rxd3 Rxd3 41. Rf1 Nf4 42. Qc2 Nxh3+ 43. Kg2 Rg3+ 0-1

[Event "Lazy op-A 6th"]
[Site "Lazy"]
[Date "2010.06.27"]
[Round "1"]
[White "Samolins, Vitalijs"]
[Black "Kucypera, Malgorzata"]
[Result "1-0"]
[WhiteElo "2426"]
[BlackElo "2068"]
[PlyCount "81"]
[EventDate "2010.06.27"]
[EventType "swiss"]
[EventRounds "9"]
[EventCountry "POL"]
[SourceTitle "CBM 137 Extra"]
[Source "ChessBase"]
[SourceDate "2010.09.01"]
[SourceVersion "1"]
[SourceVersionDate "2010.09.01"]
[SourceQuality "1"]

1. e4 c5 2. Nc3 Nc6 3. g3 g6 4. Bg2 Bg7 5. d3 e6 6. Be3 d6 7. f4 Nge7 8. Nf3 Nd4 9. 0-0 0-0 10. e5 dxe5 11. Nxe5 Rb8 12. Ne4 b6 13. c3 Ndf5 14. Bf2 Ba6 15. Qa4 Bb7 16. g4 Nd6 17. Bh4 f6 18. Qd7 Qxd7 19. Nxd7 Nxe4 20. dxe4 Ba6 21. Rfe1 Rbd8 22. Nxf8 Kxf8 23. Red1 Rxd1+ 24. Rxd1 Bb5 25. Rd8+ Kf7 26. Ra8 e5 27. fxe5 g5 28. exf6 Bxf6 29. Bg3 Nc6 30. Bf1 Bxf1 31. Kxf1 Ke6 32. Rc8 Ne5 33. Re8+ Kd6 34. Ra8 a5 35. Re8 a4 36. c4 Bg7 37. Ke2 Bf6 38. Kd1 Bg7 39. Kc2 Bf6 40. a3 Bg7 41. b3 1-0

[Event "POL-chT 1st League"]
[Site "Ustron"]
[Date "2009.09.15"]
[Round "4"]
[White "Rzepecka, Dorota"]
[Black "Kucypera, Malgorzata"]
[Result "1/2-1/2"]
[WhiteElo "1895"]
[BlackElo "2063"]
[PlyCount "67"]
[EventDate "2009.09.12"]
[EventType "team-swiss"]
[EventRounds "9"]
[EventCountry "POL"]
[SourceTitle "CBM 132 Extra"]
[Source "ChessBase"]
[SourceDate "2009.11.03"]
[SourceVersion "1"]
[SourceVersionDate "2009.11.03"]
[SourceQuality "1"]
[WhiteTeam "Miedzyborow Wrzos"]
[BlackTeam "Wroclaw AZS WSB"]
[WhiteTeamCountry "POL"]
[BlackTeamCountry "POL"]

1. e4 c5 2. c3 g6 3. d4 cxd4 4. cxd4 d5 5. exd5 Nf6 6. Nf3 Bg7 7. Nc3 0-0 8. Bc4 Nbd7 9. 0-0 Nb6 10. Bb3 a5 11. Bg5 Nfxd5 12. Re1 Nf6 13. Ne5 Bd7 14. a3 Nc8 15. Qf3 Nd6 16. Nd5 Be6 17. Nxe7+ Qxe7 18. d5 Bf5 19. Nxg6 Qxe1+ 20. Rxe1 fxg6 21. Bf4 Nfe4 22. Bxd6 Nxd6 23. Qg3 Ne4 24. Qc7 Bd4 25. d6+ Kh8 26. Rd1 Bxf2+ 27. Kh1 Rac8 28. Qxa5 Rc5 29. Qb4 Be3 30. Re1 Nf2+ 31. Kg1 Nh3+ 32. Kh1 Nf2+ 33. Kg1 Nh3+ 34. Kh1 1/2-1/2

[Event "POL-chT 1st League"]
[Site "Ustron"]
[Date "2009.09.14"]
[Round "3"]
[White "Kucypera, Malgorzata"]
[Black "Toma, Katarzyna"]
[Result "1-0"]
[WhiteElo "2063"]
[BlackElo "2262"]
[PlyCount "99"]
[EventDate "2009.09.12"]
[EventType "team-swiss"]
[EventRounds "9"]
[EventCountry "POL"]
[SourceTitle "CBM 132 Extra"]
[Source "ChessBase"]
[SourceDate "2009.11.03"]
[SourceVersion "1"]
[SourceVersionDate "2009.11.03"]
[SourceQuality "1"]
[WhiteTeam "Wroclaw AZS WSB"]
[BlackTeam "Lublin Drakon SKOK Chmielewskiego"]
[WhiteTeamCountry "POL"]
[BlackTeamCountry "POL"]

1. e4 c5 2. Nf3 Nc6 3. d4 cxd4 4. Nxd4 Nf6 5. Nc3 e5 6. Ndb5 d6 7. Nd5 Nxd5 8. exd5 Ne7 9. c4 Nf5 10. Bd3 Be7 11. 0-0 0-0 12. f4 g6 13. Kh1 Bf6 14. Nc3 Bg7 15. Bd2 Re8 16. a4 Bd7 17. Ne4 h5 18. Rc1 Nh6 19. fxe5 Bg4 20. Qe1 Rxe5 21. Bf4 Re8 22. Qd2 Nf5 23. h3 Nd4 24. Bg5 Qc8 25. Nf6+ Kh8 26. Nxe8 Nb3 27. Qf4 Nxc1 28. Bf6 Kg8 29. Rxc1 Qxe8 30. hxg4 Bxf6 31. Qxf6 Qe3 32. Rd1 hxg4 33. Kh2 g3+ 34. Kh3 Re8 35. Rf1 Qh6+ 36. Kxg3 Re3+ 37. Rf3 Rxf3+ 38. gxf3 Qd2 39. Qc3 Qd1 40. Kf2 Qxa4 41. Bc2 Qe8 42. c5 Qd8 43. c6 Qh4+ 44. Ke2 Qh2+ 45. Kd3 Qh5 46. Kc4 bxc6 47. dxc6 Qc5+ 48. Kb3 Qb5+ 49. Ka3 Qa6+ 50. Ba4 1-0

[Event "Karpacz op"]
[Site "Karpacz"]
[Date "2009.??.??"]
[Round "8"]
[White "Marszalek, Maciej"]
[Black "Kucypera, Malgorzata"]
[Result "1-0"]
[WhiteElo "2392"]
[BlackElo "2111"]
[PlyCount "67"]
[EventDate "2009.03.06"]
[EventType "swiss"]
[EventRounds "9"]
[EventCountry "POL"]
[SourceTitle "CBM 129 Extra"]
[Source "ChessBase"]
[SourceDate "2009.05.05"]
[SourceVersion "2"]
[SourceVersionDate "2009.05.20"]
[SourceQuality "1"]

1. d4 Nf6 2. c4 c5 3. e3 g6 4. Nc3 Bg7 5. Nf3 a6 6. Be2 cxd4 7. exd4 d5 8. Bg5 dxc4 9. Bxc4 0-0 10. 0-0 Bg4 11. h3 Bxf3 12. Qxf3 Nc6 13. Rad1 Rc8 14. Bb3 Qa5 15. d5 Nb8 16. Rfe1 h6 17. Bd2 Qc5 18. Ne4 Nxe4 19. Qxe4 Bxb2 20. Bb4 Qb6 21. Bxe7 Nd7 22. d6 Kg7 23. Rb1 Qd4 24. Qxb7 Nc5 25. Qf3 Nxb3 26. Bxf8+ Rxf8 27. Qxb3 Bc3 28. Re3 Ba5 29. Qb2 Qxb2 30. Rxb2 Rd8 31. Rd3 Rd7 32. Ra3 Bd8 33. Rxa6 Bf6 34. Re2 1-0

[Event "POL-chT 1st League"]
[Site "Ustron"]
[Date "2008.09.10"]
[Round "5"]
[White "Weglarz, Joanna"]
[Black "Kucypera, Malgorzata"]
[Result "1/2-1/2"]
[WhiteElo "2026"]
[BlackElo "2081"]
[PlyCount "59"]
[EventDate "2008.09.06"]
[EventType "team-tourn"]
[EventRounds "9"]
[EventCountry "POL"]
[SourceTitle "CBM 126 Extra"]
[Source "ChessBase"]
[SourceDate "2008.11.05"]
[SourceVersion "1"]
[SourceVersionDate "2008.11.05"]
[SourceQuality "1"]
[WhiteTeam "Znin Baszta"]
[BlackTeam "Wroclaw AZS WSB"]
[WhiteTeamCountry "POL"]
[BlackTeamCountry "POL"]

1. e4 c5 2. Nf3 d6 3. d4 cxd4 4. Nxd4 Nf6 5. Nc3 Nc6 6. h3 e5 7. Nde2 h6 8. g4 Be6 9. Bg2 Qd7 10. 0-0 Be7 11. Nd5 Bd8 12. Ng3 Bxd5 13. exd5 Ne7 14. Qd3 Rc8 15. Be3 0-0 16. f4 exf4 17. Bxf4 Ng6 18. Nf5 Nxf4 19. Rxf4 Rc5 20. c4 b5 21. b4 Rxc4 22. Rxc4 bxc4 23. Qxc4 Qe8 24. Rf1 Qe5 25. Qf4 Nd7 26. Qxe5 Nxe5 27. b5 Bb6+ 28. Kh1 Bc5 29. Ng3 Rc8 30. Rc1 1/2-1/2

[Event "POL-chT 1st League"]
[Site "Ustron"]
[Date "2008.09.08"]
[Round "3"]
[White "Kucypera, Malgorzata"]
[Black "Magnucka, Milena"]
[Result "1-0"]
[WhiteElo "2081"]
[BlackElo "2080"]
[PlyCount "83"]
[EventDate "2008.09.06"]
[EventType "team-tourn"]
[EventRounds "9"]
[EventCountry "POL"]
[SourceTitle "CBM 126 Extra"]
[Source "ChessBase"]
[SourceDate "2008.11.05"]
[SourceVersion "1"]
[SourceVersionDate "2008.11.05"]
[SourceQuality "1"]
[WhiteTeam "Wroclaw AZS WSB"]
[BlackTeam "Ostrow Wielkopolski U19"]
[WhiteTeamCountry "POL"]
[BlackTeamCountry "POL"]

1. e4 c5 2. Nf3 d6 3. d4 cxd4 4. Nxd4 Nf6 5. Nc3 a6 6. Bc4 e6 7. Bb3 Nbd7 8. Bg5 Nc5 9. f4 Be7 10. Qf3 Qc7 11. 0-0 0-0 12. Rad1 b5 13. e5 Bb7 14. Qe2 dxe5 15. fxe5 Nfe4 16. Nxe4 Nxe4 17. Bf4 Nc5 18. Qg4 Kh8 19. Rfe1 Rad8 20. Kh1 Nxb3 21. axb3 Qc5 22. c3 Qb6 23. Re3 Rd7 24. Rg3 Rg8 25. Re1 Qd8 26. Rh3 g6 27. Ree3 Rg7 28. Bh6 Rg8 29. Qf4 f5 30. exf6 Bxf6 31. Rxe6 Bg7 32. Re1 Bxh6 33. Rxh6 Qf8 34. Qh4 Qf7 35. Ne6 Re8 36. Ng5 Rxe1+ 37. Qxe1 Bxg2+ 38. Kxg2 Qd5+ 39. Nf3 Rf7 40. Qe5+ Qxe5 41. Nxe5 Rf5 42. Nf3 1-0

[Event "Rewal op-A 13th"]
[Site "Rewal"]
[Date "2008.08.29"]
[Round "9"]
[White "Rutkowski, Maciej"]
[Black "Kucypera, Malgorzata"]
[Result "1/2-1/2"]
[WhiteElo "2380"]
[BlackElo "2081"]
[PlyCount "30"]
[EventDate "2008.08.20"]
[EventType "swiss"]
[EventRounds "9"]
[EventCountry "POL"]
[SourceTitle "CBM 126 Extra"]
[Source "ChessBase"]
[SourceDate "2008.11.05"]
[SourceVersion "1"]
[SourceVersionDate "2008.11.05"]
[SourceQuality "1"]

1. e4 c5 2. Nf3 d6 3. d4 cxd4 4. Nxd4 Nf6 5. Nc3 a6 6. Be2 e5 7. Nb3 Be7 8. Bg5 Be6 9. Bxf6 Bxf6 10. Qd3 Nc6 11. 0-0-0 Be7 12. Kb1 Rc8 13. Qf3 0-0 14. Bd3 Qd7 15. h3 Nb4 1/2-1/2

[Event "POL-chT 2nd League"]
[Site "Wysowa"]
[Date "2007.09.09"]
[Round "7"]
[White "Skrzypczak, Anna"]
[Black "Kucypera, Malgorzata"]
[Result "1/2-1/2"]
[WhiteElo "1997"]
[BlackElo "2042"]
[PlyCount "39"]
[EventDate "2007.09.03"]
[EventType "team-swiss"]
[EventRounds "9"]
[EventCountry "POL"]
[SourceTitle "EXT 2010"]
[Source "ChessBase"]
[SourceDate "2010.11.25"]
[SourceVersion "1"]
[SourceVersionDate "2010.11.25"]
[SourceQuality "1"]
[WhiteTeam "Krakow TKKF Drogowiec"]
[BlackTeam "Wroclaw AZS Politechnika"]
[WhiteTeamCountry "POL"]
[BlackTeamCountry "POL"]

1. e4 c5 2. Nf3 d6 3. d4 cxd4 4. Nxd4 Nf6 5. Nc3 a6 6. Be2 e5 7. Nb3 Be7 8. 0-0 0-0 9. f4 Qc7 10. Kh1 b5 11. Bf3 Bb7 12. a4 b4 13. Nd5 Bxd5 14. exd5 Nbd7 15. fxe5 Nxe5 16. Nd4 Nxf3 17. Qxf3 Nd7 18. Be3 Bf6 19. Rac1 Ne5 20. Qg3 1/2-1/2